| Tag |
First Indicator |
Second Indicator |
Subfields |
| LEADER |
00000pam a2200000 i 4500 |
| 001 |
in00000078114 |
| 005 |
20151008060634.0 |
| 008 |
790703s1979 nyua 00010 eng |
| 010 |
|
|
|a 79009419
|
| 020 |
|
|
|a 0671248286
|
| 035 |
|
|
|a (OCoLC)05196937
|
| 035 |
|
|
|9 AAJ6216AM
|
| 040 |
|
|
|a DLC
|c DLC
|d TXA
|d UtOrBLW
|
| 049 |
|
|
|a TXAM
|c 1 [1158818], 2 [1502665]
|
| 050 |
0 |
0 |
|a PS3525 A264
|b W4 1979
|
| 082 |
0 |
|
|a 811/.5/4
|
| 100 |
1 |
|
|a McKuen, Rod.
|
| 245 |
1 |
0 |
|a We touch the sky /
|c Rod McKuen.
|
| 264 |
|
1 |
|a New York :
|b Simon and Schuster,
|c [1979]
|
| 264 |
|
4 |
|c ©1979
|
| 300 |
|
|
|a 166 pages :
|b illustrations ;
|c 22 cm.
|
| 336 |
|
|
|a text
|b txt
|2 rdacontent
|
| 337 |
|
|
|a unmediated
|b n
|2 rdamedia
|
| 338 |
|
|
|a volume
|b nc
|2 rdacarrier
|
| 500 |
|
|
|a "Cheval Books."
|
| 999 |
|
|
|a MARS
|
| 999 |
f |
f |
|s 4bd76bda-dd60-3045-9c99-80518a16e03b
|i fb39bb70-087f-379d-bfd3-4f7ad2d82c7c
|t 0
|
| 952 |
f |
f |
|p ric
|a Texas A&M University
|b Rellis Campus
|c Joint Library Facility
|d Remote Storage
|t 0
|e PS3525 A264 W4 1979
|h Library of Congress classification
|i unmediated -- volume
|m A14804098395
|
| 998 |
f |
f |
|a PS3525 A264 W4 1979
|t 0
|l Remote Storage
|